00553nam a2200169Ia 4500008004100000020001500041041000800056082001700064100001500081245006200096250000600158260003600164300000800200650003000208999001900238952012600257210716s2002 xx 000 0 und d a8179290093 aeng a658.314 HUMD aHume, D A. aReward management for motivation performance and results. a1 aNew DelhibInfinity Booksc2002 a248 aHuman Resource Management c200401d200401 001040708MBAaAIMITbAIMITd2006-01-21g250.00l0o658.314 HUMDpMBA02966r2026-05-23 00:00:00v250.00w2021-07-16yBK